000 00737ntm a22002057a 4500
005 20170809114844.0
008 170802s2010 xx a frb 000 0 eng d
040 _aEG-ScBUE
_beng
_cEG-ScBUE
082 0 4 _222
_a624
_bMOT
100 1 _aMottier, Ahmed Gamal.
245 1 _aEducation through sports /
_cAhmed Gamal Mottier.
260 _c2010.
300 _avii, 94 p. :
_bill. (col.) ;
_c28 cm.
500 _aA thesis submitted to the faculty of engineering. the British university in Egypt, in partial Fulfillment of the requirements for the bachelor degree in architectural engineering.
590 _akarima
650 7 _2BUEsh
_aArchitectural Engineering
_vProjects
653 _bENGARC
_cAugust2017
655 _vSPRO
942 _2ddc
999 _c25227
_d25199